Statistics for Japanese Foods By Picture

Click here to take the quiz!

General Stats

  • This quiz has been taken 87 times
  • The average score is 2 of 5

Answer Stats

Answer% Correct
Sushi
100%
Ginger
42%
Tamagoyaki
29%
Yatsuhashi
14%
Hiyashi Chūka
13%

Score Distribution

Percentile by Number Answered

Percent of People with Each Score

Your Score History

You have not taken this quiz